000 00428nam a2200121Ia 4500
008 160609s9999 xx 000 0 und d
100 _aMehrotram Chandra M.
245 _aMeasuring Up: Education Assessment Challenges And Practices For Psychology
245 _cBy:Chandra M. Mehrotra, Dana S. Dunn, Jane S. Halonen
260 _c2015
650 _xPSYCHOLOGY
856 _uhttp://file.ebook777.com/MeaUpEduAssChaAndPraForPsy.pdf
999 _c295896
_d295896